000 00640nam a2200229Ia 4500
003 OSt
005 20220923214844.0
006 a|||||r|||| 00| 0
007 ta
008 220922b |||||||| |||| 00| 0 hin d
024 _a173,327
037 _cTextual
040 _aARTS
_cARTS
_bhin
041 _2hin
_ahin
082 _aO152:6x, J4
100 _aसंतराम, संपा.
245 0 _aसिद्धान्त और समीक्षा
246 _aSiddhānta aur samīkṣhā
260 _c1954
942 _hO152:6x, J4
_cTEXL
_2CC
999 _c327234
_d327234